MDQL
is popping MORE tags! Check the
thread
!
Quizzes
Events
Quiz Creation
Community
Videos
Private Events
Remove Ads
Sign In
Join for FREE
Feedback
Dark Mode
Quiz Categories
Sports
Geography
Music
Movies
Television
Just For Fun
Miscellaneous
History
Literature
Language
Science
Gaming
Entertainment
Religion
Holiday
For Kids
Quiz Lab
Recent
Popular Today
Quiz Kudos Today
Editor Picks
Curator Picks
Quizzes by...
Day
Popularity
Type
Ratings
Length
Year
Community
Subscriptions
Recent Discussions
Orange Saloon
Badges
Playlists
Quests
Create
Leaderboards
Showdown
Live 5
Trivia Bingo
Activity
Puzzle Library
Sporcle Events
Private Events
Virtual Trivia
Globe League
Become a Host
Pub Owners
SporcleCon
Opinionation
Our Games
Videos
Blog
Mobile Apps
Partnerships
Remove Ads and Go Orange
Feedback
Science
Computer
Plants
Astronomy
Chemistry
Elements
Math
Animal
Physics
Anatomy
Biology
Geology
General Science
Science
Computer
Plants
Astronomy
Chemistry
Elements
Math
Animal
Physics
Anatomy
Biology
Geology
General Science
Random Quiz
Search Sporcle
×
Quiz Lab
Quiz Lab
Science
skeletal
Type in answers that appear in a list
Type in answers that appear in a list
Classic
Best Score? Go Orange.
The Skeletal System Stats
Can you name the bones of The Skeletal System ?
By
AeroNS
10m
36 Questions
216 Plays
216 Plays
216 Plays
Comments
Comments
Give Quiz Kudos
Give Quiz Kudos
-
- Ratings
hide this ad
Forced Order
Answers have to be entered in order
Answers have to be entered in order
Random Order
Randomize order of answers
Randomize order of answers
Replay
Link that replays current quiz
Next Quiz
Link to next quiz in quiz playlist
You Got
0%
They Got
Avg Score
4%
Avg Friend Score
Upgrade to see
Score Distribution
Jump to the score distribution portion of the page
Score
0/36
Timer
10:00
0
Plays Today
Where They Are
Scientific Name
% Correct
toes
phalanges
61.6%
ankle/
foot
tarsals
25.5%
voice box inside neck
hyoid
17.6%
arch of foot
metatarsals
12.5%
knee caps
patella 2
6%
shoulder blade
scapula 2
5.1%
lower leg in
tibia 2
4.6%
lower arm to thumb
radius 2
3.7%
thigh bones
femur 2
3.7%
upper arm
humerous 2
3.2%
lower arm to pinky
ulna 2
3.2%
lower leg out
fibula 2
3.2%
chin
mandible 1
2.3%
spine
vertebral column 1
1.4%
breast bones
sternum 1
1.4%
lip
maxilla 2
0.9%
ribcage
thoracic vertebrae 12
0.9%
wrist bone
carpals 7-9
0.9%
Where They Are
Scientific Name
% Correct
palms
metacarpals 5 per hand
0.9%
fingers
phalanges 5 per hand
0.9%
head
skull (cranium) 1
0.5%
cheek
zygomatic process 2
0.5%
neck
cervical vertebrae 7
0.5%
lowerback
lombar vertebrae 5
0.5%
tail bone
coccyx 3-5
0.5%
hip
pelvic 2
0.5%
heel bone
calcareous
0.5%
fore head
frontal bone 2
0%
sides of the head
parietal bone 2
0%
hips
sacrum 1
0%
ribcage
ribcage 12
0%
end of sternum
xyphoid process 1
0%
ribcage
false ribs 5
0%
ribcage
true ribs 5
0%
ribcage
floating ribs 2
0%
collar bone
davical 2
0%
Quiz Playlist
Details
Report
Send in Message
Add To Playlist
Classic:
Type in answers that appear in a list
Forced Order:
Answers have to be entered in order
Random Order:
Randomize order of answers
Last Updated: Jul 17, 2017
Quiz Scoreboard
CHALLENGE
Sign Up to Join the Scoreboard
Show All
Scores
Hide
Comments
May contain spoilers
Recently Published
Famous 'C' Women
by xyz_
Entertainment
6m
Holiday 10x10 Sorting Gallery
by lukepisani3
Holiday
15m
Two Season TV Shows II
by 123Four
Television
10m
More to Explore
Quiz From the Vault
Featured Blog Post
14 Easter Pick-up Lines to Find Eggs With
hide this ad
You Might Also Like...
Tags
bones
skeletal
System
Today's Top Quizzes in Science
Browse Science
hide this ad
Today's Top Quizzes in skeletal
Browse skeletal
Top Contributed Quizzes in Science
1
Mitosis Sporcle for Escape Room
2
Windmill: Elements
3
DNA Speed Challenge For Breakout Box
4
200 Vogels in Nederland
5
Elements In Images
6
Glycolysis
7
Quick Pick: 'CI-CJ' Animals
8
Square Numbers Scrambled (1-50)
9
Astronomy Spelling Bee
10
The First 100 Digits of Pi
Explore More
Trending Topics
Kpop
Crossword
Marvel
Anime
Harry Potter
NBA
Disney
WWE
The Office
NFL
Puzzle
Song
Pokémon
Soccer
Country
hide this ad
More By:
AeroNS
Quiz
Plays
Rating
Category
Featured
Created
Spanish Quiz 10-6
457
3.00
Language
Mar 15, 2010
Spanish Quiz 2
391
1.00
Language
Jan 25, 2010
Spanish Quiz
343
1.00
Language
Jan 23, 2010
Name the band members of KISS
278
1.20
Music
Dec 24, 2009
The Skeletal System
216
1.00
Science
Mar 15, 2010
Go to Creator's Profile
Score Distribution
Quiz Creator Spotlight
AeroNS
Follow
Send a Message
Quizzes Created
-
Created Quiz Play Count
-
More By This Creator
Popular Quizzes Today
1
Find the US States - No Outlines Minefield
2
Colored Red Africa Blitz
3
Find the 'City' Movie
4
The Countries of the World
5
Find the US States
6
5x2 Blitz: Bands
7
Find the Countries of Europe - No Outlines Minefield
8
US States
More Science Quizzes
Find the Robin Animals
Quiz Lab
Trending Quizzes
Colored Red Europe Blitz I
Colored Red Europe Blitz II
Colored Red Africa Blitz II
Colored Red Africa Blitz III
Colored Red Europe Blitz III
Recently Updated
Odd Team Out - Big 4 Players
pecheneg
Quick Pick: 20 Twenties
pecheneg
March Madness Men's Triple Doubles
pecheneg
How Do You Spell That?
pecheneg
Godzilla Movies
pecheneg
Grab Bag: 4-10 Letters
pecheneg
2024 March Madness Bracket
pecheneg
Famous TV Couples
Peacemaker
Champions League XIs: Real Madrid
pecheneg
Largest US Cities 1790-2010
pecheneg
Trending Topics
NBA
Crossword
Kpop
Anime
Marvel
Disney
Harry Potter
WWE
Puzzle
Song
Soccer
NFL
The Office
Pokémon
Country
Your Account Isn't Verified!
In order to create a playlist on Sporcle, you need to verify the email address you used during registration. Go to your
Sporcle Settings
to finish the process.
Report this User
Report this user for behavior that violates our
Community Guidelines
.
Details:
Send Report
Go to the Sporcle.com Mobile Site →
Comments